Estudios sobre mística medieval

Salvato in:
Dettagli Bibliografici
Natura: Libro
Lingua:spagnolo
Pubblicazione: Ciudad de México Fondo de Cultura Económica 1997
Edizione:2a. ed
Soggetti:
Tags: Aggiungi Tag
Nessun Tag, puoi essere il primo ad aggiungerne!!

MARC

LEADER 00000nam a2200000 a 4500
001 UCP2511
003 CL-VaPUC
008 990520e19970000MX |||||||||||||||||spa|d
082 0 4 |a 149.3  |b HEI  |2 21 
245 1 0 |a Estudios sobre mística medieval 
250 |a 2a. ed 
300 |a 202 p 
942 |c BK 
945 |d 19990520 00:00:00  |a rbrito 
260 |a Ciudad de México  |b Fondo de Cultura Económica  |c 1997 
650 0 |a Misticismo  |9 265505 
650 0 |a Filosofía medieval  |9 256245 
650 0 |a Fenomenología  |9 256519 
583 |a last modification  |c 19990520 00:00:00  |k Rodrigo Vera 
999 |c 281032  |d 281030 
952 |0 0  |1 0  |4 0  |6 149_300000000000000_HEI_1997  |7 0  |8 A  |9 321635  |a BIBEDU  |b BIBEDU  |d 2019-11-20  |i 3517950  |o 149.3 HEI 1997  |p 3517950  |r 2019-11-20  |w 2019-11-20  |y BK  |k FIL 
952 |0 0  |1 0  |4 0  |6 149_300000000000000_HEI_1997  |7 0  |8 A  |9 321636  |a BIBHIS  |b BIBHIS  |d 2019-11-20  |i 3574261  |o 149.3 HEI 1997  |p 3574261  |r 2025-01-20  |w 2019-11-20  |y BK  |k HIS 
952 |0 0  |1 0  |4 0  |6 149_300000000000000_HEI_1997  |7 0  |8 A  |9 321637  |a BIBARQ  |b BIBARQ  |d 2019-11-20  |i 362496K  |o 149.3 HEI 1997  |p 362496K  |r 2025-01-20  |w 2019-11-20  |y BK  |k ARQ